[Event "GBR-ch105 Seniors 65"]
[Site "Hull"]
[Date "2018.07.29"]
[Round "1.4"]
[White "Surtees, Michael J"]
[Black "Levens, David G"]
[Result "0-1"]
[WhiteElo "2146"]
[BlackElo "1909"]
[PlyCount "138"]
[EventDate "2018.07.29"]
[EventType "swiss"]
[EventRounds "7"]
[EventCountry "GBR"]

1. e4 c5 2. Nh3 d6 3. g3 Nc6 4. f4 Nf6 5. Nf2 g6 6. Bg2 Bd7 7. Na3 Bg7 8. O-O
Rc8 9. c3 a6 10. d3 O-O 11. g4 b5 12. Nc2 Qc7 13. Be3 Rfd8 14. h3 e6 15. Qd2
Ne7 16. Rac1 Bc6 17. Qe2 Bb7 18. Kh1 d5 19. e5 Nd7 20. d4 c4 21. Bd2 Nb6 22.
Rce1 Na4 23. Bc1 a5 24. Rg1 Qb6 25. a3 Nc6 26. f5 b4 27. Nd1 bxc3 28. bxc3 Qb3
29. Qd2 Na7 30. Bf1 Nb5 31. Rg3 Bf8 32. h4 Qa2 33. Re2 Qb3 34. h5 exf5 35. gxf5
Rc6 36. hxg6 fxg6 37. Reg2 Bg7 38. e6 Rf8 39. Nce3 Naxc3 40. e7 Re8 41. Nf2
Nxd4 42. fxg6 h6 43. Bb2 Ndb5 44. Nf5 d4 45. Bxc3 Rf6 46. Bxd4 Bxg2+ 47. Kxg2
c3 48. Bxc3 Nxc3 49. Qxc3 Qd5+ 50. Qf3 Qxf5 51. Qxf5 Rxf5 52. Bc4+ Kh8 53. Bf7
Rxe7 54. Rd3 Bf8 55. Kg3 Kg7 56. Ng4 Rg5 57. Kf3 h5 58. Nf2 Rf5+ 59. Kg3 Re1
60. Nh3 Kf6 61. Nf4 Re4 62. Ng2 Ree5 63. Kh3 Rg5 64. Rf3+ Ref5 65. Rc3 Rf2 66.
Ne1 Bd6 67. Nf3 Rg3+ 68. Kh4 Rgxf3 69. Rxf3+ Rxf3 0-1

[Event "GBR-ch105 Seniors 65"]
[Site "Hull"]
[Date "2018.07.29"]
[Round "1.5"]
[White "Collins, Peter M"]
[Black "Jackson, Oliver A"]
[Result "0-1"]
[WhiteElo "1901"]
[BlackElo "2143"]
[PlyCount "64"]
[EventDate "2018.07.29"]
[EventType "swiss"]
[EventRounds "7"]
[EventCountry "GBR"]

1. Nf3 d6 2. g3 e5 3. d3 f5 4. Bg5 Be7 5. Bxe7 Qxe7 6. Bg2 Nf6 7. O-O Nc6 8. c4
O-O 9. Nc3 Qf7 10. e3 f4 11. Qb3 Qh5 12. exf4 Bg4 13. Nh4 Nd4 14. Qxb7 exf4 15.
Ne4 f3 16. Nxf6+ gxf6 17. Qd5+ Qxd5 18. cxd5 Rab8 19. b3 Rb5 20. h3 fxg2 21.
Kxg2 Be2 22. Rfc1 Rf7 23. Rc3 Rxd5 24. Re1 c5 25. f4 Nb5 26. Rcc1 Bxd3 27. Re8+
Kg7 28. Rce1 f5 29. Rb8 Nc7 30. Kf2 Be4 31. Re2 Na6 32. Rd8 Nb4 0-1

[Event "GBR-ch105 Seniors 65"]
[Site "Hull"]
[Date "2018.07.29"]
[Round "1.6"]
[White "Norman, Kenneth I"]
[Black "Brown, Geoffrey M"]
[Result "0-1"]
[WhiteElo "2094"]
[BlackElo "1897"]
[PlyCount "108"]
[EventDate "2018.07.29"]
[EventType "swiss"]
[EventRounds "7"]
[EventCountry "GBR"]

1. Nf3 d5 2. g3 Bg4 3. Bg2 Nd7 4. O-O c6 5. d3 Ngf6 6. Nbd2 e5 7. e4 dxe4 8.
dxe4 Bc5 9. Qe1 O-O 10. h3 Bh5 11. Nc4 Re8 12. b4 Bf8 13. Bb2 Qc7 14. Nh4 b5
15. Ne3 a5 16. a3 axb4 17. axb4 Nb6 18. g4 Bg6 19. Nxg6 hxg6 20. Rxa8 Rxa8 21.
Qc3 Nfd7 22. Nd5 Qd6 23. Nxb6 Nxb6 24. Qxe5 Qxb4 25. Bc3 Qc4 26. Rd1 b4 27. Bb2
f6 28. Qd4 c5 29. Qd2 Ra2 30. Qc1 Qe6 31. e5 c4 32. Bd4 fxe5 33. Bxb6 Qxb6 34.
Bd5+ Kh7 35. Qg5 Qf6 36. Qxf6 gxf6 37. Bxc4 Rxc2 38. Rd7+ Kh6 39. Bg8 Bc5 40.
Kg2 Bxf2 41. Kf3 Be1 42. Rb7 Rf2+ 43. Ke3 Rf4 44. Bd5 Rd4 45. Be6 Rd6 46. Bg8
Kg5 47. Rh7 Bc3 48. Bc4 Rb6 49. Bb3 Bd4+ 50. Ke4 Rd6 51. Bc4 Bc3 52. Bb3 Rd4+
53. Ke3 f5 54. gxf5 gxf5 0-1

[Event "GBR-ch105 Seniors 65"]
[Site "Hull"]
[Date "2018.07.29"]
[Round "1.7"]
[White "McKerracher, Douglas"]
[Black "Burnett, Jim"]
[Result "0-1"]
[WhiteElo "1897"]
[BlackElo "2088"]
[PlyCount "98"]
[EventDate "2018.07.29"]
[EventType "swiss"]
[EventRounds "7"]
[EventCountry "GBR"]

1. e4 e6 2. d3 d5 3. Nd2 Nf6 4. Ngf3 Bc5 5. g3 dxe4 6. Nb3 Bb6 7. Nfd2 exd3 8.
Bxd3 O-O 9. Qe2 e5 10. Ne4 Nxe4 11. Bxe4 f5 12. Bg2 c6 13. Bd2 Nd7 14. O-O-O
Qe7 15. Rhe1 Re8 16. Bc3 Bc7 17. Qd2 Qf7 18. Kb1 Nf8 19. Nc5 Rb8 20. h4 b6 21.
Nd3 e4 22. Nf4 Ne6 23. Nh3 h6 24. Bf1 b5 25. b3 c5 26. Bb2 a6 27. c4 Rd8 28.
Qe3 Bd7 29. Be2 Bc6 30. Nf4 Nd4 31. Bh5 Qf6 32. Rc1 Be8 33. Be2 Qf8 34. Nd5 Ba5
35. Red1 Nxe2 36. Qxe2 Bf7 37. Ne3 bxc4 38. Nxc4 Bc7 39. Ne3 f4 40. gxf4 Rxd1
41. Rxd1 Bxf4 42. Rg1 g5 43. Qxa6 Qd6 44. Qxd6 Bxd6 45. hxg5 hxg5 46. Nf5 Bf4
47. Rh1 Be8 48. Rh8+ Kf7 49. Rh7+ Kg6 0-1

[Event "GBR-ch105 Seniors 65"]
[Site "Hull"]
[Date "2018.07.29"]
[Round "1.8"]
[White "Anderton, David W"]
[Black "Phillips, William"]
[Result "1/2-1/2"]
[WhiteElo "2084"]
[BlackElo "1862"]
[PlyCount "103"]
[EventDate "2018.07.29"]
[EventType "swiss"]
[EventRounds "7"]
[EventCountry "GBR"]

1. d4 Nf6 2. c4 b6 3. Nc3 Bb7 4. Nf3 e6 5. a3 Be7 6. Qc2 d5 7. cxd5 exd5 8. g3
O-O 9. Bg2 c5 10. O-O Na6 11. Rd1 c4 12. Ne5 Nc7 13. Nxc4 Rc8 14. Ne3 Re8 15.
Qb3 Qd7 16. Bd2 Red8 17. Be1 h5 18. h4 Nh7 19. Qc2 g6 20. Rac1 Nf6 21. Qb3 Ng4
22. Nxg4 hxg4 23. Bd2 Ne6 24. Be3 Kg7 25. Nb5 Rxc1 26. Rxc1 a6 27. Nc3 b5 28.
Qc2 f5 29. Qd2 Rh8 30. f4 Nc7 31. Bf2 Bf6 32. e3 Na8 33. Nd1 Nb6 34. b3 Rc8 35.
Be1 Rxc1 36. Qxc1 Qc6 37. Qxc6 Bxc6 38. Bb4 Kf7 39. Nb2 Nd7 40. Nd3 Bd8 41. Kf2
Ke6 42. Ke2 a5 43. Bc5 Nf6 44. Ne5 Be8 45. Kf2 Ne4+ 46. Bxe4 dxe4 47. Ke2 Bc7
48. Kd2 Bxe5 49. fxe5 a4 50. Kc3 axb3 51. Kxb3 Kd5 52. Kc3 1/2-1/2

[Event "GBR-ch105 Seniors 65"]
[Site "Hull"]
[Date "2018.07.29"]
[Round "1.9"]
[White "Donaghay, Richard H"]
[Black "Hutchinson, Norman A"]
[Result "0-1"]
[WhiteElo "1856"]
[BlackElo "2045"]
[PlyCount "68"]
[EventDate "2018.07.29"]
[EventType "swiss"]
[EventRounds "7"]
[EventCountry "GBR"]

1. e4 c6 2. d3 d5 3. Nd2 e5 4. Ngf3 Bd6 5. g3 Nf6 6. Bg2 O-O 7. O-O dxe4 8.
dxe4 Qe7 9. Nc4 Bc7 10. Bg5 Nbd7 11. Qe2 b5 12. Ne3 h6 13. Nf5 Qb4 14. Bxf6
Nxf6 15. c3 Qc5 16. Qc2 a5 17. a3 a4 18. h4 Be6 19. Nd2 Rfd8 20. Ne3 Ng4 21.
Nxg4 Bxg4 22. Rfe1 Bb6 23. Nf1 Be6 24. Ne3 Rd7 25. Qe2 Bb3 26. Bh3 Rd6 27. Nf5
Rf6 28. Qe3 Qxe3 29. Nxe3 Rd8 30. Ng4 Re6 31. Ne3 Red6 32. Bf1 Rd2 33. Rab1 Ba2
34. Rbd1 Bxe3 0-1

[Event "GBR-ch105 Seniors 65"]
[Site "Hull"]
[Date "2018.07.29"]
[Round "1.10"]
[White "Bowmer, Kevin"]
[Black "Slinger, Anthony J"]
[Result "1-0"]
[WhiteElo "2039"]
[BlackElo "1845"]
[PlyCount "89"]
[EventDate "2018.07.29"]
[EventType "swiss"]
[EventRounds "7"]
[EventCountry "GBR"]

1. e4 c5 2. Nf3 Nc6 3. d4 cxd4 4. Nxd4 e5 5. Nb5 d6 6. N1c3 a6 7. Na3 Be7 8.
Nc4 b5 9. Ne3 Nf6 10. g3 O-O 11. Bg2 Be6 12. O-O Rc8 13. Ncd5 Bxd5 14. exd5 Nb8
15. c3 Nbd7 16. a4 Nb6 17. axb5 axb5 18. Nc2 Ra8 19. Rxa8 Qxa8 20. Nb4 Re8 21.
b3 Nbd7 22. Be3 Bd8 23. Qe2 Nc5 24. Qxb5 Nxb3 25. Nc6 Qa3 26. Rb1 Nc5 27. Bxc5
dxc5 28. c4 e4 29. Qb3 Qa6 30. Re1 Bc7 31. Qc2 h6 32. Bxe4 g5 33. Re2 Qa1+ 34.
Kg2 Be5 35. Bd3 Bd4 36. d6 Rxe2 37. Qxe2 Kg7 38. Ne7 h5 39. Nf5+ Kg8 40. h3 g4
41. hxg4 hxg4 42. Qd2 Qa8+ 43. Kh2 Qf3 44. Nxd4 cxd4 45. Bc2 1-0

[Event "GBR-ch105 Seniors 65"]
[Site "Hull"]
[Date "2018.07.29"]
[Round "1.11"]
[White "Goodwin, Ed H"]
[Black "Milnes, Anthony CP"]
[Result "0-1"]
[WhiteElo "1844"]
[BlackElo "2025"]
[PlyCount "96"]
[EventDate "2018.07.29"]
[EventType "swiss"]
[EventRounds "7"]
[EventCountry "GBR"]

1. d4 e6 2. Nf3 f5 3. g3 Nf6 4. Bg2 Be7 5. O-O O-O 6. c4 d6 7. Nc3 Ne4 8. Nxe4
fxe4 9. Ne1 d5 10. f3 exf3 11. Nxf3 Nc6 12. b3 b6 13. Bb2 Bb7 14. Rc1 Bf6 15.
Qd2 Qe7 16. Rfd1 Rad8 17. Qe1 Nb4 18. a3 Na6 19. Ne5 c5 20. e3 dxc4 21. bxc4
Bxg2 22. Kxg2 Qb7+ 23. Kg1 Bxe5 24. dxe5 Qe4 25. Rd6 Rde8 26. Qe2 Nb8 27. Qd3
Qxd3 28. Rxd3 Nc6 29. Rcd1 Na5 30. Rd7 Rf7 31. Bc1 Nxc4 32. e4 Nxe5 33. Rxf7
Kxf7 34. Rf1+ Kg6 35. Rf4 h5 36. Rf1 Rd8 37. Bf4 Nc4 38. a4 Nb2 39. a5 b5 40.
Rb1 Rd1+ 41. Rxd1 Nxd1 42. a6 b4 43. Kf1 b3 44. Be5 b2 45. Bxb2 Nxb2 46. Ke2
Kf6 47. Kd2 Ke5 48. Kc3 Kxe4 0-1

[Event "GBR-ch105 Seniors 65"]
[Site "Hull"]
[Date "2018.07.29"]
[Round "1.12"]
[White "Habershon, Paul F"]
[Black "Moore, Gillian A"]
[Result "1-0"]
[WhiteElo "2023"]
[BlackElo "1835"]
[PlyCount "105"]
[EventDate "2018.07.29"]
[EventType "swiss"]
[EventRounds "7"]
[EventCountry "GBR"]

1. e4 Nf6 2. e5 Nd5 3. d4 d6 4. Nf3 dxe5 5. Nxe5 c6 6. c4 Nb4 7. Nd3 Nxd3+ 8.
Qxd3 g6 9. Be3 Bg7 10. Nc3 O-O 11. Be2 f5 12. f4 Nd7 13. O-O Nf6 14. h3 Ne4 15.
Rfd1 Nxc3 16. bxc3 Qa5 17. Bf3 Bd7 18. Rab1 Rab8 19. Rb2 Rfd8 20. Qe2 Kf8 21.
Bd2 Bf6 22. c5 Qc7 23. Qc4 b5 24. cxb6 Rxb6 25. Rdb1 Rdb8 26. Rb4 Rxb4 27. Rxb4
Rxb4 28. Qxb4 Qb6 29. Qb3 Qxb3 30. axb3 Be6 31. Bd1 Bd5 32. Bc2 Kf7 33. Kf1 a5
34. g3 Ke6 35. Kf2 Kd6 36. Ke3 c5 37. dxc5+ Kxc5 38. c4 Bd4+ 39. Ke2 Bg2 40. h4
a4 41. bxa4 Kxc4 42. Bd3+ Kd5 43. a5 e5 44. fxe5 Bxe5 45. Bf4 Bc3 46. a6 Bd4
47. Be3 Be5 48. a7 Kd6 49. Kf2 Ba8 50. Bc4 Ke7 51. Bf1 Bg7 52. Bg2 f4 53. gxf4
1-0

[Event "GBR-ch105 Seniors 65"]
[Site "Hull"]
[Date "2018.07.29"]
[Round "1.13"]
[White "Tidmarsh, David A"]
[Black "Reuben, Stewart"]
[Result "0-1"]
[WhiteElo "1818"]
[BlackElo "2013"]
[PlyCount "84"]
[EventDate "2018.07.29"]
[EventType "swiss"]
[EventRounds "7"]
[EventCountry "GBR"]

1. e4 c5 2. Nf3 Nc6 3. d4 cxd4 4. Nxd4 g6 5. Be3 Nf6 6. Nc3 Bg7 7. Bc4 O-O 8.
Bb3 a6 9. f3 Qc7 10. Qd2 b5 11. O-O Bb7 12. Rfd1 Ne5 13. Rac1 Nc4 14. Bxc4 Qxc4
15. b3 Qc7 16. Nb1 d5 17. exd5 Nxd5 18. Bf2 e5 19. c4 bxc4 20. Rxc4 Qe7 21. Ne2
Rfd8 22. Qe1 Rac8 23. Rdc1 Bh6 24. Rxc8 Rxc8 25. Rxc8+ Bxc8 26. Nec3 Nf4 27.
Ne4 f5 28. Ng3 Bb7 29. Qc3 e4 30. fxe4 fxe4 31. Qc4+ Bd5 32. Qc8+ Kf7 33. Bc5
Bb7 34. Bxe7 Bxc8 35. Bc5 Bb7 36. Nf1 Nxg2 37. Nc3 Nh4 38. Ne3 Nf5 39. Ng4 Bg7
40. Ne2 h5 41. Nf2 Be5 42. Nh3 Nh4 0-1

[Event "GBR-ch105 Seniors 65"]
[Site "Hull"]
[Date "2018.07.29"]
[Round "1.14"]
[White "Jones, Chris"]
[Black "Fisher, C Phillip"]
[Result "1-0"]
[WhiteElo "2007"]
[BlackElo "1815"]
[PlyCount "93"]
[EventDate "2018.07.29"]
[EventType "swiss"]
[EventRounds "7"]
[EventCountry "GBR"]

1. e4 c5 2. c3 Nf6 3. e5 Nd5 4. d4 cxd4 5. Qxd4 e6 6. Bc4 Nc6 7. Qe4 f5 8. Qe2
Nb6 9. Bb3 Be7 10. Nf3 O-O 11. O-O Kh8 12. Rd1 Qc7 13. Na3 a6 14. Bf4 Na5 15.
Nc2 Nxb3 16. axb3 Nd5 17. Bd2 b5 18. c4 bxc4 19. bxc4 Nb6 20. b3 Rb8 21. Ncd4
Qb7 22. Ng5 g6 23. h4 h6 24. Nh3 Kg7 25. Qe3 Rh8 26. Qg3 Qe4 27. Nf4 g5 28.
Nh5+ Kg6 29. Nf6 Qxh4 30. Qxh4 gxh4 31. Nf3 Rf8 32. Nxh4+ Kg7 33. Bc3 Bxf6 34.
exf6+ Kf7 35. Nf3 Ke8 36. Ne5 Rxf6 37. Nc6 dxc6 38. Bxf6 Nd7 39. Bg7 Rxb3 40.
Rd6 Rb6 41. Bd4 Ke7 42. Rxd7+ Bxd7 43. Bxb6 Bc8 44. Rd1 Bd7 45. Bd4 h5 46. Be5
a5 47. Ra1 1-0

[Event "GBR-ch105 Seniors 65"]
[Site "Hull"]
[Date "2018.07.29"]
[Round "1.15"]
[White "Dennis, Nigel W"]
[Black "Myall, Ivan J"]
[Result "1/2-1/2"]
[WhiteElo "1806"]
[BlackElo "2007"]
[PlyCount "127"]
[EventDate "2018.07.29"]
[EventType "swiss"]
[EventRounds "7"]
[EventCountry "GBR"]

1. e4 d6 2. d4 Nf6 3. Nc3 e5 4. Nf3 exd4 5. Nxd4 Be7 6. Be2 O-O 7. O-O Nc6 8.
Be3 a6 9. f3 Re8 10. Re1 Bf8 11. Qd2 Ne5 12. Nd5 Nxd5 13. exd5 Bd7 14. c4 c5
15. Nc2 b5 16. b3 Rb8 17. Rab1 Bf5 18. Bf4 Qf6 19. Bxe5 Rxe5 20. Bd3 Rxe1+ 21.
Rxe1 g6 22. Bxf5 Qxf5 23. Ne3 Qf4 24. Nf1 Bh6 25. Qxf4 Bxf4 26. Ne3 Be5 27. Re2
h5 28. g4 hxg4 29. fxg4 Bd4 30. Kg2 Bxe3 31. Rxe3 bxc4 32. bxc4 Rb2+ 33. Kg3
Rxa2 34. Re8+ Kg7 35. Rd8 Ra3+ 36. Kh4 Rc3 37. Rxd6 f6 38. g5 Rxc4+ 39. Kg3
fxg5 40. Rxa6 Rd4 41. d6 c4 42. Rc6 c3 43. Rxc3 Rxd6 44. Kg4 Rd5 45. Rc7+ Kh6
46. Rc4 Ra5 47. Rb4 Ra2 48. h3 Ra1 49. Rc4 Rg1+ 50. Kf3 Kh5 51. Ra4 Rb1 52. Kg3
Rb3+ 53. Kg2 Re3 54. Rb4 Kh6 55. Rg4 Re5 56. Kg3 Kg7 57. Ra4 Kf6 58. Kg4 Rf5
59. Ra6+ Kg7 60. Ra7+ Kh6 61. Ra4 Rf1 62. Rb4 Rg1+ 63. Kf3 Kh5 64. Ra4 1/2-1/2

[Event "GBR-ch105 Seniors 65"]
[Site "Hull"]
[Date "2018.07.29"]
[Round "1.16"]
[White "Downham, Alan F"]
[Black "Dawson, Alastair G"]
[Result "0-1"]
[WhiteElo "1990"]
[BlackElo "1802"]
[PlyCount "48"]
[EventDate "2018.07.29"]
[EventType "swiss"]
[EventRounds "7"]
[EventCountry "GBR"]

1. c4 g6 2. Nc3 e5 3. g3 Nc6 4. Bg2 Bg7 5. e4 d6 6. Nge2 Nh6 7. d3 O-O 8. O-O
f5 9. f4 Be6 10. Nd5 Qd7 11. Rb1 Nd4 12. fxe5 dxe5 13. Nxd4 exd4 14. Nf4 c6 15.
Bh3 Ng4 16. Nxe6 Qxe6 17. Bxg4 fxg4 18. Bf4 h6 19. Qb3 g5 20. Bd6 Rf3 21. Qxb7
Rd8 22. c5 Bf8 23. Qc7 Rd7 24. Qc8 Rxd6 0-1

[Event "GBR-ch105 Seniors 65"]
[Site "Hull"]
[Date "2018.07.29"]
[Round "1.17"]
[White "Ramage, Colin R"]
[Black "Bimpson, Tom"]
[Result "0-1"]
[WhiteElo "1802"]
[BlackElo "1988"]
[PlyCount "122"]
[EventDate "2018.07.29"]
[EventType "swiss"]
[EventRounds "7"]
[EventCountry "GBR"]

1. e4 d6 2. d4 Nf6 3. Nc3 Nbd7 4. f4 e5 5. Nf3 exd4 6. Qxd4 c6 7. Bc4 d5 8.
exd5 Bc5 9. Qd3 O-O 10. dxc6 bxc6 11. Bd2 Ng4 12. O-O-O Nf2 13. Qe2 Nxh1 14.
Rxh1 Nf6 15. Ne5 Qc7 16. g4 Bb7 17. g5 Nd5 18. Ne4 Bd6 19. Nxd6 Qxd6 20. h4 Nb6
21. Bd3 c5 22. Rg1 Rac8 23. h5 f6 24. gxf6 Rxf6 25. Ng4 Rxf4 26. Bxf4 Qxf4+ 27.
Kb1 c4 28. Qe6+ Kh8 29. Rf1 Bf3 30. Ne5 cxd3 31. Nf7+ Kg8 32. Ne5+ Kh8 33. cxd3
Qf6 34. Nf7+ Kg8 35. Nh6+ Kf8 36. Qxf6+ gxf6 37. Rxf3 Nd7 38. Rg3 Rc5 39. Rg8+
Ke7 40. Rg7+ Ke6 41. Ng4 Rg5 42. Rxg5 fxg5 43. Ne3 Nf6 44. h6 Ng8 45. d4 Nxh6
46. Kc2 Nf7 47. Kd3 h5 48. b4 Nd6 49. a4 g4 50. Ng2 Kf5 51. Ke3 Nc4+ 52. Kf2
Kg5 53. Kg3 Nd6 54. d5 Ne4+ 55. Kh2 h4 56. a5 g3+ 57. Kg1 h3 58. Ne3 h2+ 59.
Kg2 Nf2 60. Kxg3 h1=Q 61. Kxf2 Qh4+ 0-1

[Event "GBR-ch105 Seniors 65"]
[Site "Hull"]
[Date "2018.07.29"]
[Round "1.18"]
[White "Chesters, Graham"]
[Black "Procter, Colin S"]
[Result "1-0"]
[WhiteElo "1987"]
[BlackElo "1780"]
[PlyCount "60"]
[EventDate "2018.07.29"]
[EventType "swiss"]
[EventRounds "7"]
[EventCountry "GBR"]

1. c4 e6 2. Nf3 d5 3. e3 Nf6 4. Nc3 c5 5. cxd5 Nxd5 6. d4 Nc6 7. Bd3 cxd4 8.
exd4 Bb4 9. Bd2 h6 10. O-O O-O 11. Rc1 a6 12. Bb1 Nf6 13. a3 Be7 14. Bf4 Bd6
15. Qd2 Bxf4 16. Qxf4 Ne7 17. Rfe1 Ned5 18. Nxd5 Nxd5 19. Qe4 Nf6 20. Qd3 Bd7
21. Ne5 Bb5 22. Qe3 Qd6 23. h3 Rac8 24. g4 Rfd8 25. Rxc8 Rxc8 26. Ba2 Bc6 27.
Nxf7 Kxf7 28. Qxe6+ Qxe6 29. Bxe6+ Kg6 30. Bxc8 Kg5 1-0

[Event "GBR-ch105 Seniors 65"]
[Site "Hull"]
[Date "2018.07.29"]
[Round "1.19"]
[White "Price, Andrew"]
[Black "Kelly, Ian G"]
[Result "0-1"]
[WhiteElo "1779"]
[BlackElo "1985"]
[PlyCount "64"]
[EventDate "2018.07.29"]
[EventType "swiss"]
[EventRounds "7"]
[EventCountry "GBR"]

1. d4 Nf6 2. c4 c5 3. d5 e6 4. Nc3 exd5 5. cxd5 d6 6. e3 g6 7. Nf3 Bg7 8. Bb5+
Bd7 9. Qe2 O-O 10. O-O Bg4 11. h3 Bxf3 12. Qxf3 a6 13. Bd3 b5 14. e4 Nbd7 15.
Bf4 c4 16. Bxd6 cxd3 17. Bxf8 Qxf8 18. Qxd3 Nc5 19. Qf3 b4 20. Nd1 Nfxe4 21.
Qf4 Re8 22. f3 Be5 23. Qc1 Ng3 24. Qc4 Nxf1 25. Kxf1 Bd6 26. Nf2 Qg7 27. Rb1 h5
28. Qxb4 Ne4 29. Qa5 Nxf2 30. Qa4 Qe5 31. Kxf2 Bc5+ 32. Kf1 Qe2# 0-1

[Event "GBR-ch105 Seniors 65"]
[Site "Hull"]
[Date "2018.07.29"]
[Round "1.20"]
[White "Feavyour, John A"]
[Black "Hughes, Peter"]
[Result "1/2-1/2"]
[WhiteElo "1980"]
[BlackElo "1766"]
[PlyCount "68"]
[EventDate "2018.07.29"]
[EventType "swiss"]
[EventRounds "7"]
[EventCountry "GBR"]

1. d4 f5 2. Nf3 Nf6 3. g3 g6 4. Bg2 Bg7 5. O-O O-O 6. c4 d6 7. Nc3 Qe8 8. d5 a5
9. Be3 Na6 10. Rc1 Ng4 11. Bd4 Bh6 12. e3 e5 13. dxe6 c5 14. h3 cxd4 15. Nxd4
Nf6 16. Ncb5 Qe7 17. Qa4 Nc5 18. Qa3 Ra6 19. Rfd1 Nfe4 20. Rc2 Bg7 21. Kh2 Be5
22. f4 Bf6 23. b3 Rd8 24. Qc1 Nxe6 25. Nc3 Nxc3 26. Rxc3 Nc5 27. Bd5+ Kh8 28.
Rc2 Re8 29. Nb5 Rd8 30. Qd2 Ne4 31. Qg2 Nc5 32. Re2 Ne4 33. Rc2 Nc5 34. Re2 Ne4
1/2-1/2

[Event "GBR-ch105 Seniors 65"]
[Site "Hull"]
[Date "2018.07.29"]
[Round "1.21"]
[White "McDonald, Ian"]
[Black "Moore, Geoffrey R"]
[Result "0-1"]
[WhiteElo "1726"]
[BlackElo "1980"]
[PlyCount "41"]
[EventDate "2018.07.29"]
[EventType "swiss"]
[EventRounds "7"]
[EventCountry "GBR"]

1. e4 c6 2. Nc3 d5 3. Nf3 Bg4 4. exd5 cxd5 5. d4 Nc6 6. Be2 Nf6 7. O-O e6 8.
Be3 Be7 9. Ne5 Bxe2 10. Qxe2 O-O 11. Rfd1 Qc7 12. Nxc6 Qxc6 13. Bf4 Rfc8 14.
Rac1 a6 15. Rd3 b5 16. Rh3 b4 17. Nd1 Qc4 18. Qxc4 Rxc4 19. Be5 Nd7 20. Ne3 Rc6
21. f4 0-1

[Event "GBR-ch105 Seniors 65"]
[Site "Hull"]
[Date "2018.07.29"]
[Round "1.22"]
[White "Atkinson, John W"]
[Black "Walkowiak, Adam"]
[Result "1-0"]
[WhiteElo "1975"]
[BlackElo "1702"]
[PlyCount "65"]
[EventDate "2018.07.29"]
[EventType "swiss"]
[EventRounds "7"]
[EventCountry "GBR"]

1. e4 c5 2. Nf3 e6 3. g3 Nc6 4. Bg2 d6 5. O-O Be7 6. c3 e5 7. d4 h5 8. dxe5
dxe5 9. Qxd8+ Bxd8 10. Be3 b6 11. Rd1 h4 12. gxh4 Bxh4 13. Rd6 Nge7 14. Na3 Ba6
15. Rad1 f6 16. Bf1 Bxf1 17. Kxf1 Rd8 18. Nb5 g5 19. h3 Kf7 20. Rxd8 Nxd8 21.
Nxa7 Ne6 22. Rd7 Re8 23. Nxh4 gxh4 24. Nc6 Ng5 25. Bxg5 fxg5 26. Rxe7+ Rxe7 27.
Nxe7 Kxe7 28. c4 Kf6 29. Kg2 g4 30. hxg4 Kg5 31. Kh3 Kf4 32. Kxh4 Kxe4 33. g5
1-0

[Event "GBR-ch105 Seniors 65"]
[Site "Hull"]
[Date "2018.07.29"]
[Round "1.23"]
[White "Cresswell, Mike J"]
[Black "Crombleholme, Alan K"]
[Result "0-1"]
[WhiteElo "1692"]
[BlackElo "1974"]
[PlyCount "120"]
[EventDate "2018.07.29"]
[EventType "swiss"]
[EventRounds "7"]
[EventCountry "GBR"]

1. e4 Nf6 2. Nc3 e5 3. Nf3 Nc6 4. h3 Bb4 5. d3 O-O 6. Bd2 d5 7. Nxd5 Nxd5 8.
exd5 Bxd2+ 9. Qxd2 Qxd5 10. Be2 Bd7 11. O-O Rad8 12. Rfd1 h6 13. c3 Rfe8 14.
Ne1 Bf5 15. Nc2 Qe6 16. Ne3 Bg6 17. Qe1 Kh8 18. b3 f5 19. Rd2 f4 20. Ng4 Bf5
21. Rad1 Qg6 22. Kh1 Rd6 23. Bf3 Rde6 24. Be4 Nd8 25. Bxf5 Qxf5 26. Qe4 Qf8 27.
Nh2 Qc5 28. Qc4 Qxc4 29. dxc4 Nf7 30. Rd7 R8e7 31. f3 Nd6 32. Rxe7 Rxe7 33. Ng4
e4 34. c5 Nf5 35. fxe4 Rxe4 36. Kg1 Ng3 37. Kf2 h5 38. Nh2 Re2+ 39. Kf3 Rxa2
40. Rd7 Rc2 41. Rxc7 g5 42. Rxb7 Rxc3+ 43. Kf2 Rxc5 44. Rxa7 Rc2+ 45. Ke1 Rxg2
46. Nf3 g4 47. hxg4 hxg4 48. Ra8+ Kg7 49. Ra7+ Kf6 50. Ra6+ Ke7 51. Ra7+ Kd6
52. Nd2 f3 53. Rf7 Re2+ 54. Kd1 f2 55. Rf4 Rxd2+ 56. Kxd2 f1=Q 57. Rxf1 Nxf1+
58. Ke2 Ng3+ 59. Ke3 Nf5+ 60. Kf4 g3 0-1

[Event "GBR-ch105 Seniors 65"]
[Site "Hull"]
[Date "2018.07.29"]
[Round "1.24"]
[White "Gregg, Alan M"]
[Black "Illingworth, John B"]
[Result "1/2-1/2"]
[WhiteElo "1960"]
[BlackElo "1631"]
[PlyCount "77"]
[EventDate "2018.07.29"]
[EventType "swiss"]
[EventRounds "7"]
[EventCountry "GBR"]

1. b3 d5 2. e3 Bf5 3. Bb2 Nf6 4. Nf3 Nbd7 5. c4 e6 6. Nc3 Bd6 7. d4 c6 8. Bd3
Bg4 9. Be2 Qc7 10. h3 Bh5 11. Rc1 O-O 12. O-O Rfe8 13. cxd5 exd5 14. Nb5 Qb8
15. Nxd6 Qxd6 16. Ne5 Bxe2 17. Qxe2 Re6 18. Qc2 Ne4 19. Nd3 Rh6 20. Nc5 Ndxc5
21. dxc5 Qe7 22. b4 Qh4 23. Be5 Rg6 24. Kh2 Re8 25. Bf4 Rf6 26. g3 Qh5 27. Qd1
Qf5 28. h4 h6 29. f3 Ng5 30. hxg5 hxg5 31. Kg2 gxf4 32. exf4 Rfe6 33. Rc2 Rh6
34. Rg1 Qh7 35. Kf2 Qf5 36. Re2 Rh2+ 37. Rg2 Rxg2+ 38. Kxg2 Re6 39. Rxe6
1/2-1/2

[Event "GBR-ch105 Seniors 65"]
[Site "Hull"]
[Date "2018.07.29"]
[Round "1.25"]
[White "Harvey, Derek D"]
[Black "Clucas, Reg P"]
[Result "0-1"]
[WhiteElo "1577"]
[BlackElo "1959"]
[PlyCount "86"]
[EventDate "2018.07.29"]
[EventType "swiss"]
[EventRounds "7"]
[EventCountry "GBR"]

1. e4 c5 2. Nc3 Nc6 3. f4 g6 4. Nf3 Bg7 5. Bb5 Nd4 6. Be2 Nxe2 7. Qxe2 e6 8.
O-O Ne7 9. d3 a6 10. Kh1 O-O 11. Qf2 b6 12. Qh4 Nc6 13. f5 Qxh4 14. Nxh4 Bf6
15. Nf3 gxf5 16. exf5 d5 17. fxe6 fxe6 18. Bh6 Bg7 19. Bxg7 Kxg7 20. a3 b5 21.
Rae1 Bd7 22. Kg1 Rf5 23. Ne2 Ne5 24. Nxe5 Rxe5 25. Nf4 Rxe1 26. Rxe1 Re8 27. g3
Kf7 28. Re5 Kf6 29. Re1 Re7 30. c3 Bc6 31. b4 cxb4 32. axb4 e5 33. Ng2 Bb7 34.
Kf2 Rc7 35. Rc1 d4 36. c4 bxc4 37. dxc4 Bd5 38. c5 Bc6 39. Ne1 Rb7 40. Rb1 a5
41. Ke2 Rxb4 42. Rxb4 axb4 43. Kd2 Be4 0-1

[Event "GBR-ch105 Seniors 65"]
[Site "Hull"]
[Date "2018.07.29"]
[Round "1.26"]
[White "Kendall, Paul SN"]
[Black "Mitchell, Robert"]
[Result "1-0"]
[WhiteElo "1955"]
[BlackElo "1527"]
[PlyCount "49"]
[EventDate "2018.07.29"]
[EventType "swiss"]
[EventRounds "7"]
[EventCountry "GBR"]

1. e4 g6 2. d4 d6 3. Nc3 Bg7 4. Be3 Nd7 5. Qd2 a6 6. h4 h5 7. a4 b6 8. Nf3 Bb7
9. Bc4 e5 10. Rd1 Qc8 11. dxe5 Nxe5 12. Nxe5 Bxe5 13. Bg5 Bf6 14. Bxf6 Nxf6 15.
Qf4 Qd8 16. Rh3 O-O 17. Qh6 d5 18. Nxd5 Ng4 19. Qf4 Bxd5 20. Bxd5 Qe7 21. Bxa8
Rxa8 22. Rc3 Qxh4 23. Rxc7 Qf6 24. Qxf6 Nxf6 25. f3 1-0

[Event "GBR-ch105 Seniors 65"]
[Site "Hull"]
[Date "2018.07.29"]
[Round "1.27"]
[White "Calvert, John C"]
[Black "Valentine, Brian J"]
[Result "0-1"]
[WhiteElo "1494"]
[BlackElo "1935"]
[PlyCount "44"]
[EventDate "2018.07.29"]
[EventType "swiss"]
[EventRounds "7"]
[EventCountry "GBR"]

1. e4 e5 2. Nf3 Nc6 3. c3 Nf6 4. d4 exd4 5. e5 Nd5 6. cxd4 d6 7. exd6 Qxd6 8.
h3 Bf5 9. a3 O-O-O 10. Be2 Be7 11. Nc3 Rhe8 12. Nxd5 Qxd5 13. Be3 Bf6 14. O-O
Nxd4 15. Rc1 Nxe2+ 16. Qxe2 Bd3 17. Qe1 Bxf1 18. Kxf1 b6 19. Qb4 Re4 20. Qe1
Rc4 21. Rb1 Rc2 22. b4 Bc3 0-1